[Event "FSIMA Oct"]
[Site "Budapest HUN"]
[Date "2011.10.06"]
[Round "6"]
[White "Korpa,B"]
[Black "Kantor,G"]
[Result "1-0"]
[WhiteElo "2237"]
[BlackElo "2268"]

1.e4 e6 2.d4 d5 3.Nc3 Nf6 4.e5 Nfd7 5.f4 c5 6.Nf3 Nc6 7.Be3 Be7 8.Qd2 O-O
9.dxc5 Bxc5 10.Bxc5 Nxc5 11.O-O-O Qa5 12.h4 Bd7 13.h5 h6 14.g4 Rfd8 15.Nd4 Qb6
16.Bg2 Rac8 17.Rhe1 Na5 18.Nb3 Naxb3+ 19.axb3 d4 20.Qxd4 Bc6 21.Qg1 Bxg2
22.Qxg2 Qb4 23.Qf3 a5 24.Kb1 a4 25.Na2 Qb5 26.b4 Na6 27.Qe4 Re8 28.Rd4 Nc7
29.Nc3 Qa6 30.Rd6 b6 31.Qd4 Rb8 32.Qd3 Qa8 33.b5 a3 34.Rd7 Rbc8 35.Qd6 axb2
36.Kxb2 Qb8 37.Rd1 Qa7 38.Ra1 Qb8 39.Rd1 Qa7 40.g5 hxg5 41.fxg5 Qb8 42.g6 Rf8
43.gxf7+ Kh8 44.h6 g6 45.Qe7 Nd5 46.R1xd5  1-0

[Event "20th TCh-CRO 1a"]
[Site "Sibenik CRO"]
[Date "2011.10.06"]
[Round "3.1"]
[White "Rogulj,B"]
[Black "Kuljasevic,D"]
[Result "0-1"]
[WhiteElo "2394"]
[BlackElo "2556"]

1.e4 e6 2.d4 d5 3.Nc3 Nf6 4.e5 Nfd7 5.f4 c5 6.Nf3 Nc6 7.Be3 Be7 8.Qd2 O-O
9.Be2 b6 10.O-O f5 11.exf6 Nxf6 12.h3 Bb7 13.Rae1 Ne4 14.Qd3 Ng3 15.Rf2 Nf5
16.Bf1 cxd4 17.Nxd4 Ncxd4 18.Bxd4 Nxd4 19.Qxd4 Bc5 20.Qe5 Qh4 21.Nd1 Rxf4
22.Qxe6+ Kh8 23.Re3 Bxe3 24.Qxe3 Rxf2 25.Nxf2 d4 26.Qe5 Rf8 27.Ng4 h5 28.Nh2 Qf2+
29.Kh1 Qf5 30.Qe7 Be4 31.Qh4 Qg6 32.Kg1 Rxf1+ 33.Kxf1 Bxg2+ 34.Ke1 Qe4+ 35.Qxe4 Bxe4
36.h4 Kh7 37.Kd2 Kg6 38.c3 dxc3+ 39.bxc3 Bg2 40.Ke3 Kf5 41.a3 Ke5 42.Kf2 Bb7
43.Ke3 Kd5 44.Nf1 Kc4 45.Ng3 g6 46.Ne2 Bc8 47.Kd2 Kb3  0-1

[Event "TCh-ISL Div1 2011-12"]
[Site "Reykjavik ISL"]
[Date "2011.10.07"]
[Round "1.2"]
[White "Jonasson,B"]
[Black "Arnarson,S"]
[Result "0-1"]
[WhiteElo "2237"]
[BlackElo "2061"]

1.e4 e6 2.d4 d5 3.Nc3 Nf6 4.e5 Nfd7 5.f4 c5 6.Nf3 Nc6 7.Be3 a6 8.Qd2 b5 9.g3 cxd4
10.Nxd4 Nxd4 11.Bxd4 Bc5 12.Ne2 Qb6 13.O-O-O a5 14.Bg2 b4 15.Rhe1 Ba6 16.Qe3 Rc8
17.f5 Bxe2 18.Rxe2 Bxd4 19.Rxd4 a4 20.Rg4 Qxe3+ 21.Rxe3 b3 22.axb3 axb3 23.Rxb3 Nxe5
24.Rxg7 Ke7 25.Rg5 h5 26.fxe6 Kf6 27.h4 fxe6 28.Re3 Nc4 29.Rf3+ Ke7 30.b3 Na3
31.Rf2 Nb5 32.Kb2 Nc3 33.Rg7+ Kd6 34.Rd2 Rc6 35.Rg6 Ra8 36.Rd3 Ra2+ 37.Kc1 Ne2+
38.Kb1 Rcxc2 39.Bxd5 Rcb2+  0-1

[Event "FSIMA Oct"]
[Site "Budapest HUN"]
[Date "2011.10.08"]
[Round "8"]
[White "Atnilov,M"]
[Black "Kantor,G"]
[Result "1-0"]
[WhiteElo "2037"]
[BlackElo "2268"]

1.e4 e6 2.d4 d5 3.Nc3 Nf6 4.e5 Nfd7 5.f4 c5 6.Nf3 Nc6 7.Be3 Be7 8.Be2 O-O
9.O-O b6 10.Qd2 f6 11.exf6 Nxf6 12.h3 Bb7 13.Rad1 Bd6 14.Qe1 a6 15.Kh1 Qc7
16.g3 cxd4 17.Nxd4 Nxd4 18.Bxd4 e5 19.fxe5 Bxe5 20.Bxe5 Qxe5 21.Bf3 Ne4 22.Kh2 Rae8
23.Bxe4 dxe4 24.Qe3 Qh5 25.Qe2 Rf3 26.Rde1 e3 27.Nd1 Qf7 28.b3 h6 29.a4 Rxf1
30.Rxf1 Qd5 31.Nc3 Qe5 32.Nd1 b5 33.h4 h5 34.axb5 axb5 35.Re1 Qd5 36.c4 Qe6
37.Nxe3 Qc6 38.cxb5 Qf6 39.Qc4+ Kh8 40.Qe2 Qe5 41.Qf2 Qd4 42.Kg1 Qe4 43.Kh2 Re6
44.Qg2 Qd4 45.Qe2 Re5 46.Qc4 Qb2+ 47.Re2 Qb1 48.Ng2 Qf1 49.Rd2 Bxg2 50.Rxg2 Qf6
51.Qc6 Re6 52.Qc4 Qe5 53.Rf2 Re8 54.b6 Qe1 55.Qc5 Re5 56.Qd4 Re2 57.Qd8+ Re8
58.Qd4 Re2 59.Rxe2 Qxe2+ 60.Kg1 Qe1+ 61.Kg2 Qe2+ 62.Qf2 Qe4+ 63.Qf3 Qc2+
64.Kh3 Qc8+ 65.Kh2 Qc2+ 66.Qg2 Qxb3 67.b7 g5 68.hxg5 h4 69.gxh4 Qb4 70.Kh3 Qb3+
71.Kg4 Qe6+ 72.Kh5 Qe8+ 73.g6 Qb5+ 74.Kh6 Qb6 75.Qe4 Qe6  1-0

[Event "FSGM Oct"]
[Site "Budapest HUN"]
[Date "2011.10.08"]
[Round "8"]
[White "Feher,Ad"]
[Black "Szablowski,P"]
[Result "1/2-1/2"]
[WhiteElo "2342"]
[BlackElo "2420"]

1.e4 e6 2.d4 d5 3.Nc3 Nf6 4.e5 Nfd7 5.f4 c5 6.Nf3 Nc6 7.Be3 cxd4 8.Nxd4 Bc5
9.Qd2 O-O 10.O-O-O a6 11.Qf2 Bxd4 12.Bxd4 b5 13.Be3 Qa5 14.Kb1 b4 15.Ne2 Qc7
16.Nd4 Nxd4 17.Bxd4 a5 18.Bd3 Ba6 19.f5 Bxd3 20.cxd3 Nxe5 21.f6 Ng4 22.Qh4 Nxf6
23.Bxf6 gxf6 24.Qxf6 Qd8 25.Qd4 Qd6 26.Qf6 Qd8 27.Qd4 Qe7 28.Rde1 Rad8 29.Re3 f6
30.Qg4+ Kf7 31.Qh5+ Kg8 32.Qg4+ Kf7 33.Qh5+  1/2-1/2

[Event "20th TCh-CRO 1b"]
[Site "Sibenik CRO"]
[Date "2011.10.08"]
[Round "5.4"]
[White "Bender,I"]
[Black "Troselj,T"]
[Result "0-1"]
[WhiteElo "2263"]
[BlackElo "2047"]

1.e4 e6 2.d4 d5 3.Nc3 Nf6 4.e5 Nfd7 5.f4 c5 6.Nf3 Nc6 7.Be3 cxd4 8.Nxd4 Bc5
9.Qd2 Bxd4 10.Bxd4 Nxd4 11.Qxd4 Qb6 12.Nb5 Qxd4 13.Nxd4 a6 14.O-O-O b5 15.c3 g6
16.Be2 h5 17.Rd3 Bb7 18.Rf1 Rc8 19.Kb1 Ke7 20.Re3 Nb6 21.Bd3 Rc7 22.Rf2 Rhc8
23.Re1 Nc4 24.g3 Na5 25.a3 Nc6 26.Nxc6+ Bxc6 27.Rd2 a5 28.Be2 b4 29.cxb4 axb4
30.Rc1 bxa3 31.b3 Rb8 32.Ka2 Kd7 33.Rdc2 Rb6 34.Rc3 Ra7 35.Rxc6 Rxc6 36.Bb5 Ra6
37.Rg1 Kc7 38.Bxa6 Rxa6 39.h3 Kb6 40.g4 hxg4 41.hxg4 Ra7 42.f5 gxf5 43.gxf5 exf5
44.Rf1 Kc5 45.Rxf5 Kd4 46.b4 Ke4 47.Rf1 Kxe5 48.b5 f5 49.Rb1 f4 50.b6 Ra8
51.Rb3 d4 52.b7 Rb8 53.Kxa3 Ke4 54.Rb6 f3 55.Re6+ Kd3 56.Rf6 Ke2 57.Re6+ Kd2
58.Re7 f2 59.Rf7 Rxb7 60.Rxf2+ Kc3 61.Ka2 d3 62.Rf8 Rd7 63.Rc8+ Kd2 64.Re8 Kc1
65.Rc8+ Kd1 66.Kb2 d2 67.Ra8 Ke2 68.Re8+ Kd3  0-1

[Event "20th TCh-CRO 1b"]
[Site "Sibenik CRO"]
[Date "2011.10.08"]
[Round "5.3"]
[White "Sedlak,N"]
[Black "Dutina,D"]
[Result "1-0"]
[WhiteElo "2589"]
[BlackElo "2302"]

1.d4 e6 2.e4 d5 3.Nc3 Nf6 4.e5 Nfd7 5.f4 c5 6.Nf3 Nc6 7.Be3 a6 8.Qd2 Qc7
9.Bd3 cxd4 10.Nxd4 Be7 11.O-O-O Nc5 12.Kb1 Bd7 13.Qf2 Nxd3 14.cxd3 O-O 15.Rhe1 f6
16.Nxc6 bxc6 17.Bb6 Qb8 18.Bc5 Bxc5 19.Qxc5 fxe5 20.fxe5 Rf5 21.Qd4 Qf8 22.Ne4 Rf4
23.g3 c5 24.Qc3 Rxe4 25.dxe4 d4 26.Qa5 Bb5 27.Qb6 Qe7 28.b3 Ra7 29.Qd6 Rd7
30.Qxe7 Rxe7 31.Rc1 Bd3+ 32.Ka1 Rc7 33.Red1 Bxe4 34.Rxd4 Bd5 35.Ra4 Rc6 36.Ra5  1-0

[Event "49th ch-IND NatA"]
[Site "Aurangabad IND"]
[Date "2011.10.09"]
[Round "1"]
[White "Konguvel,P"]
[Black "Sethuraman,S"]
[Result "0-1"]
[WhiteElo "2384"]
[BlackElo "2529"]

1.e4 e6 2.d4 d5 3.Nc3 Nf6 4.e5 Nfd7 5.f4 c5 6.Nf3 Nc6 7.Be3 Be7 8.Qd2 O-O
9.Be2 b6 10.Nd1 cxd4 11.Nxd4 Nxd4 12.Bxd4 Nb8 13.O-O Nc6 14.c3 Bd7 15.Ne3 Nxd4
16.cxd4 b5 17.f5 Bg5 18.Bd3 f6 19.fxe6 Bxe6 20.exf6 Rxf6 21.Rxf6 Qxf6 22.Rf1 Qh6
23.Rf3 Re8 24.Qf2 Bd7 25.Nf1 Bf6 26.Rf4 Qh5 27.h3 Qd1 28.Bc2 Qc1 29.Bb3 Be6
30.Rf3 Bf7 31.Rc3 Qb1 32.Rc2 a5 33.Rd2 Qe1 34.Bc2 Qe7 35.Bd3 b4 36.b3 Qa7
37.Kh2 Qc7+ 38.g3 h5 39.Kg2 Qc3 40.Qf5 Kf8 41.Bb5 Re4 42.Be2 Qxd2 43.Nxd2 Rxe2+
44.Kf3 Rxd2 45.Qc8+ Be8 46.Qc5+ Kg8 47.Qxd5+ Bf7 48.Qxa5 Rd3+ 49.Ke2 Rxd4
50.a3 bxa3 51.Qxa3 Re4+ 52.Kf2 Bd4+ 53.Kf1 Re3 54.g4 Bc4+ 55.Kg2 Bd5+ 56.Kf1 Rf3+
57.Ke1 Bc3+ 58.Ke2 Rxh3 59.gxh5 Bf3+ 60.Kd3 Bxh5+ 61.Kc4 Bf7+ 62.Kb5 Rh5+
63.Kc6 Be8+ 64.Kd6 Ra5 65.Qc1 Bb4+ 66.Ke6 Bf7+ 67.Kd7 Rd5+  0-1

[Event "20th TCh-CRO 1a"]
[Site "Sibenik CRO"]
[Date "2011.10.09"]
[Round "6.2"]
[White "Zivkovic,Vj"]
[Black "Saric,A"]
[Result "0-1"]
[WhiteElo "2379"]
[BlackElo "2489"]

1.e4 e6 2.d4 d5 3.Nc3 Nf6 4.e5 Nfd7 5.f4 c5 6.Nf3 Nc6 7.Be3 Be7 8.Qd2 O-O
9.Be2 b6 10.O-O f5 11.exf6 Nxf6 12.Kh1 Bd6 13.g3 Bb7 14.Rad1 Qe7 15.Rfe1 Rad8
16.Bd3 c4 17.Bf1 Bb4 18.Qe2 Bxc3 19.bxc3 Ne4 20.Bd2 h6 21.Bh3 Bc8 22.Bg2 Qa3
23.Ra1 Nxc3 24.Qe3 Nb5 25.c3 Nd6 26.g4 Ne4 27.Nh4 Qd6 28.Bxe4 dxe4 29.Qxe4 Bb7
30.Kg1 Rfe8 31.Kf2 Qe7 32.Ng6 Qf6 33.Kg3 Nxd4 34.Qxb7 Nc2 35.Ne5 Rxd2 36.Rad1 Rxd1
37.Rxd1 Ne3 38.Rd7 Rf8 39.Qe4 Nf1+ 40.Kg2 Qxf4 41.Qxf4 Rxf4 42.Rxa7 Ne3+
43.Kg3 Re4 44.Ra8+ Kh7 45.Nd7 Nd5 46.h4 g5 47.Ra7 Kg8 48.hxg5 hxg5 49.Ra6 Re3+
50.Kg2 Rxc3 51.Nxb6 Rc2+ 52.Kf3 c3 53.Nd7 Rd2 54.Rc6 c2 55.Ne5 Nb4 56.Rc8+ Kg7
57.Rc7+ Kf6  0-1

[Event "20th TCh-CRO 1a"]
[Site "Sibenik CRO"]
[Date "2011.10.10"]
[Round "7.5"]
[White "Saric,Iv"]
[Black "Brkic,A"]
[Result "1-0"]
[WhiteElo "2643"]
[BlackElo "2606"]

1.e4 e6 2.d4 d5 3.Nc3 Nf6 4.e5 Nfd7 5.f4 c5 6.Nf3 Nc6 7.Be3 Be7 8.Qd2 O-O
9.dxc5 Bxc5 10.O-O-O Qa5 11.a3 Rd8 12.Nd4 Rb8 13.Nb3 Bxe3 14.Qxe3 Qb6 15.Qh3 a6
16.Bd3 Nf8 17.Rhf1 Qc7 18.Rf3 b5 19.Qh4 g6 20.Ne2 Bd7 21.Ng3 b4 22.a4 Na5
23.Nxa5 Bxa4 24.Qh6 Kh8 25.f5 exf5 26.Rxf5 Bxc2 27.Bxc2 Rdc8 28.Rf2 b3 29.Nxb3 Rxb3
30.Qf4 Ne6 31.Qxf7 Qb6 32.Qf6+ Kg8 33.Qf7+ Kh8 34.Qd7 Rd8 35.Qe7 Rxb2 36.Rdf1 Kg8
37.Nh5 Rxc2+ 38.Rxc2 Qe3+ 39.Kd1 Qd4+ 40.Ke1 Qxe5+ 41.Re2 Qa1+  1-0

[Event "Lichtenrader Autumn"]
[Site "Berlin GER"]
[Date "2011.10.11"]
[Round "4.17"]
[White "Merz,Ru"]
[Black "Thompson,I"]
[Result "0-1"]
[WhiteElo "1919"]
[BlackElo "2276"]

1.e4 e6 2.d4 d5 3.Nc3 Nf6 4.e5 Nfd7 5.f4 c5 6.Nf3 Nc6 7.Ne2 a6 8.c3 b5 9.g3 b4
10.cxb4 Nxb4 11.Kf2 f5 12.exf6 Nxf6 13.a3 Nc6 14.dxc5 Bxc5+ 15.Kg2 O-O 16.b4 Ba7
17.Ned4 Nxd4 18.Nxd4 Qb6 19.Be3 e5 20.fxe5 Ng4 21.Bg1 Nf2 22.Bxf2 Rxf2+ 23.Kxf2 Qxd4+
24.Qxd4 Bxd4+ 25.Kf3 Bxa1 26.Bc4 dxc4 27.Rxa1 Bb7+ 28.Kf4 c3 29.Rc1 Rc8 30.e6 c2
31.Ke5 Kf8 32.Kd6 Ke8 33.a4 Rc6+ 34.Ke5 Ke7 35.b5 axb5 36.axb5 Rc4 37.Rf1 c1=Q
38.Rf7+ Ke8 39.Rxb7 Qg5+ 40.Kd6 Qc5+  0-1

[Event "Lichtenrader Autumn"]
[Site "Berlin GER"]
[Date "2011.10.12"]
[Round "5.8"]
[White "Radovanovic,J"]
[Black "Mueller,Jan1"]
[Result "1-0"]
[WhiteElo "2320"]
[BlackElo "2100"]

1.e4 e6 2.d4 d5 3.Nc3 Nf6 4.e5 Nfd7 5.f4 c5 6.Nf3 Nc6 7.Be3 cxd4 8.Nxd4 Bc5
9.Qd2 O-O 10.O-O-O a6 11.Kb1 Nxd4 12.Bxd4 b5 13.h4 b4 14.Na4 Bxd4 15.Qxd4 Qa5
16.b3 Bb7 17.Rh3 Bc6 18.c3 Rfb8 19.Nb2 Nc5 20.cxb4 Rxb4 21.Qc3 Rc8 22.Rd4 Rcb8
23.Rxb4 Qxb4 24.Qxb4 Rxb4 25.Rc3 Rxf4 26.Be2 Re4 27.Rxc5 Bd7 28.Bxa6 f6 29.Rc7 Be8
30.exf6 gxf6 31.Bd3 Rxh4 32.a4 Rb4 33.Bxh7+ Kf8 34.Bc2 e5 35.Nd3 Rb8 36.Nc5 e4
37.Kb2 Kg8 38.Nd7 Bxd7 39.Rxd7 Re8 40.Rxd5 e3 41.Rd1 e2 42.Re1  1-0

[Event "Lichtenrader Autumn"]
[Site "Berlin GER"]
[Date "2011.10.13"]
[Round "6.6"]
[White "Niehaus,F"]
[Black "Thompson,I"]
[Result "1/2-1/2"]
[WhiteElo "2182"]
[BlackElo "2276"]

1.e4 e6 2.d4 d5 3.Nc3 Nf6 4.e5 Nfd7 5.Nce2 c5 6.f4 Nc6 7.Nf3 f6 8.c3 Qb6
9.f5 cxd4 10.fxe6 Ndxe5 11.Nf4 Bd6 12.Nxd4 Nxd4 13.cxd4 Ng6 14.Qa4+ Kf8 15.Nxd5  1/2-1/2

[Event "Lichtenrader Autumn"]
[Site "Berlin GER"]
[Date "2011.10.13"]
[Round "6.1"]
[White "Kachibadze,Ge"]
[Black "Graf,A"]
[Result "0-1"]
[WhiteElo "2340"]
[BlackElo "2628"]

1.e4 e6 2.d4 d5 3.Nc3 Nf6 4.e5 Nfd7 5.f4 c5 6.Nf3 Nc6 7.Be3 Be7 8.Qd2 a6
9.Be2 b5 10.a3 Qc7 11.O-O O-O 12.Nd1 cxd4 13.Nxd4 Nxd4 14.Bxd4 f6 15.exf6 Bxf6
16.Ne3 Bb7 17.Rad1 Rae8 18.Bg4 Re7 19.Qb4 e5 20.fxe5 Nxe5 21.Qd2 Nxg4 22.Nxg4 Bxd4+
23.Qxd4 Rfe8 24.Qd3 d4 25.Rd2 Re1 26.Rf2 h5 27.Qb3+ Qc4 28.Nf6+ gxf6 29.Qg3+ Kh7
30.Qh3 Rxf1+ 31.Rxf1 Qf7 32.Rf5 Re5 33.Rf4 Rg5  0-1

[Event "II Oliver Gonzalez Memorial"]
[Site "Madrid ESP"]
[Date "2011.10.13"]
[Round "6.54"]
[White "Martinez Miura,E"]
[Black "Merino Araguas,J"]
[Result "0-1"]
[WhiteElo "1713"]
[BlackElo "1848"]

1.e4 e6 2.d4 d5 3.Nc3 Nf6 4.e5 Nfd7 5.Nce2 c5 6.c3 Nc6 7.f4 b5 8.Nf3 b4 9.Ng3 bxc3
10.bxc3 cxd4 11.cxd4 Bb4+ 12.Bd2 Qa5 13.Be2 Ba6 14.Bxa6 Bxd2+ 15.Qxd2 Qxa6
16.Kf2 Na5 17.f5 h6 18.fxe6 fxe6 19.Rhf1 O-O 20.Kg1 Nc4 21.Qd3 Rf7 22.Nh4 Raf8
23.Ng6 Rxf1+ 24.Rxf1 Rxf1+ 25.Qxf1 Qa3 26.h4 Qxg3 27.Ne7+ Kh7 28.Qf7 Qe1+
29.Kh2 Qxh4+ 30.Kg1 Qxd4+ 31.Kh1 Qh4+ 32.Kg1 Qe1+ 33.Kh2 Qxe5+ 34.Kg1 Nf6
35.Qg6+ Kh8 36.Qf7 Qe1+ 37.Kh2 Ng4+ 38.Kh3 Nf2+ 39.Kg3 Ne4+  0-1

[Event "II Oliver Gonzalez Memorial"]
[Site "Madrid ESP"]
[Date "2011.10.14"]
[Round "7.36"]
[White "Morona Minguez,I"]
[Black "Horcajada Reales,G"]
[Result "0-1"]
[WhiteElo "1894"]
[BlackElo "2215"]

1.e4 e6 2.d4 d5 3.Nc3 Nf6 4.e5 Nfd7 5.f4 c5 6.Nf3 Nc6 7.Be3 a6 8.Qd2 b5 9.a3 Qa5
10.dxc5 Nxc5 11.Nd4 Nxd4 12.Bxd4 b4 13.Nd1 Ne4 14.Qe3 bxa3+ 15.c3 axb2 16.Rxa5 b1=Q
17.Bb5+ Bd7 18.Rxa6 Rxa6 19.Bxa6 Bb5 20.Bxb5+ Qxb5 21.Qe2 Qc6 22.O-O Bc5
23.Nf2 Bxd4 24.cxd4 Nxf2 25.Qxf2 Qc3 26.Rb1 O-O 27.Qb2 Qe3+ 28.Qf2 Qd3 29.Re1 Rc8
30.Qe3 Rc3 31.Qxd3 Rxd3 32.Rb1 g5 33.f5 Rxd4 34.fxe6 fxe6 35.Rb8+ Kf7 36.Rh8 Kg6
37.g3 Re4 38.Rg8+ Kf5 39.Rh8 Rxe5 40.Rxh7 d4 41.h4 gxh4 42.Rxh4 Re4 43.Rh8 Rg4
44.Kf2 Ke4 45.Rh1 e5 46.Re1+ Kf5 47.Rd1 Re4 48.Rd3 Rg4 49.Rd1 Rg8 50.Rd2 Rd8
51.Rd1 e4 52.Ra1 Rd5 53.Rd1 Ke5 54.Ra1 Rb5 55.Ra2 Kf5 56.Ke2 Kg4 57.Ra4 Rd5
58.Kf2 e3+ 59.Ke2 Kf5 60.Kf3 d3  0-1

[Event "TCh-MNE 1st League"]
[Site "Tivat MNE"]
[Date "2011.10.14"]
[Round "7.2"]
[White "Miladinovic,I"]
[Black "Kosic,D"]
[Result "1/2-1/2"]
[WhiteElo "2560"]
[BlackElo "2495"]

1.d4 e6 2.e4 d5 3.Nc3 Nf6 4.e5 Nfd7 5.f4 c5 6.Nf3 Nc6 7.Be3 a6 8.Qd2 b5 9.Qf2 b4
10.Na4 cxd4 11.Nxd4  1/2-1/2

[Event "49th ch-IND NatA"]
[Site "Aurangabad IND"]
[Date "2011.10.16"]
[Round "8"]
[White "Shyam,N"]
[Black "Kamble,V"]
[Result "1-0"]
[WhiteElo "2418"]
[BlackElo "2449"]

1.e4 e6 2.d4 d5 3.Nc3 Nf6 4.e5 Nfd7 5.f4 c5 6.Nf3 a6 7.Be3 Nc6 8.Qd2 b5 9.a3 Qb6
10.Qf2 Bb7 11.Bd3 c4 12.Be2 b4 13.axb4 Nxb4 14.Bd1 Be7 15.O-O O-O 16.Na4 Qa5
17.Qd2 f6 18.c3 Nc6 19.b4 cxb3 20.Bxb3 Qc7 21.exf6 Nxf6 22.Ng5 Na5 23.Bc2 Bd6
24.Qd3 Nc4 25.Bc1 Rfe8 26.Nxh7 Bc6 27.Qg6 Qf7 28.Nxf6+ Qxf6 29.Qh7+ Kf7 30.f5 Rh8
31.fxe6+ Ke7 32.Rxf6 Rxh7 33.Rf3 Rh5 34.g4 Bxh2+ 35.Kg2 Rhh8 36.Nc5 Kd6 37.Bg5 Be5
38.Kg1 Bh2+ 39.Kg2 Be5 40.Bg6 Rh2+ 41.Kg1 Rah8 42.Bh5 Re2 43.Rf7 Bb5 44.Nb7+ Kc6
45.dxe5 Nxe5 46.Na5+ Kd6 47.Nb7+ Kc6 48.Nd8+ Kb6 49.Rf5 g6 50.Rxe5 Rxe5 51.Bf6 gxh5
52.Bxh8 Rg5 53.Kh2 Rxg4 54.e7 Re4 55.Bf6 Kc5 56.Nb7+ Kc6 57.Na5+ Kd6 58.Nb3 Re6
59.Bg5 Re2+ 60.Kg3 Re4 61.Kh2 Kc7 62.Nd4 Bd3 63.Ra5 Bc4 64.Rc5+ Kd7 65.Rc6 a5
66.Rb6 Kc7 67.Ne6+ Kxb6 68.e8=Q  1-0

[Event "49th ch-IND NatA"]
[Site "Aurangabad IND"]
[Date "2011.10.17"]
[Round "9"]
[White "Konguvel,P"]
[Black "Neelotpal,D"]
[Result "0-1"]
[WhiteElo "2384"]
[BlackElo "2458"]

1.e4 e6 2.d4 d5 3.Nc3 Nf6 4.e5 Nfd7 5.Nce2 c5 6.c3 Nc6 7.f4 b5 8.Nf3 b4 9.h4 a5
10.f5 exf5 11.Nf4 bxc3 12.bxc3 cxd4 13.Qa4 Bb7 14.Bb5 Rc8 15.cxd4 Bb4+ 16.Bd2 Bxd2+
17.Kxd2 O-O 18.Rac1 Nb6 19.Qb3 a4 20.Qd3 Nc4+ 21.Ke2 Nb4 22.Qxf5 Nxa2 23.Rc2 Na3
24.Rxa2 Nxb5 25.h5 Nc3+ 26.Ke3 Ne4 27.Ne2 Qb6 28.Ra3 Rc2 29.Nfg1 Qb2 30.Rd3 Ba6
31.Nf4 Qc1+ 32.Kf3 Bxd3  0-1

[Event "49th ch-IND NatA"]
[Site "Aurangabad IND"]
[Date "2011.10.20"]
[Round "12"]
[White "Swathi,G"]
[Black "Ravi,TeS"]
[Result "1-0"]
[WhiteElo "2278"]
[BlackElo "2300"]

1.e4 e6 2.d4 d5 3.Nc3 Nf6 4.e5 Nfd7 5.f4 c5 6.Nf3 Nc6 7.Be3 Be7 8.Qd2 O-O
9.g3 Rb8 10.a3 a6 11.Bh3 b5 12.Nd1 cxd4 13.Nxd4 Nxd4 14.Bxd4 Bc5 15.Ne3 Bxd4
16.Qxd4 Qb6 17.Qxb6 Nxb6 18.O-O-O Bd7 19.c3 Rfc8 20.Nc2 Nc4 21.Bf1 Nb6 22.Be2 Kf8
23.g4 Ke7 24.Rhf1 f6 25.exf6+ gxf6 26.Rf3 Rg8 27.Rh3 Rg7 28.Rh6 Rh8 29.Rd3 Nc4
30.Ne3 Be8 31.f5 Nxe3 32.Rxe3 e5 33.Rxe5+ fxe5 34.f6+ Kf8 35.fxg7+ Kxg7 36.Re6 e4
37.Kd2 a5 38.Rd6 b4 39.axb4 axb4 40.cxb4 Bf7 41.b5 Rb8 42.Ke3 Kf8 43.h4 Ke7
44.Rh6 Be6 45.Kd4 Bxg4 46.Bxg4 Rxb5 47.Kc3 d4+ 48.Kc2 d3+ 49.Kb1 Re5 50.Rxh7+ Kd6
51.Rh6+ Kd5 52.Rh5 e3 53.Kc1 Ke4 54.Rxe5+ Kxe5 55.Kd1 Kf4 56.Be2  1-0

[Event "1st Central Asia Cup"]
[Site "Tashkent UZB"]
[Date "2011.10.21"]
[Round "4.1"]
[White "Filippov,An UZB"]
[Black "Dzhumaev,M"]
[Result "1-0"]
[WhiteElo "2606"]
[BlackElo "2492"]

1.e4 e6 2.d4 d5 3.Nc3 Nf6 4.e5 Nfd7 5.f4 c5 6.Nf3 Nc6 7.Be3 Be7 8.Be2 O-O
9.O-O b6 10.Qd2 f6 11.dxc5 Nxc5 12.exf6 Bxf6 13.Rad1 Bb7 14.Nd4 Nxd4 15.Bxd4 Rc8
16.Qe3 Bxd4 17.Qxd4 Qf6 18.Qxf6 Rxf6 19.g3 Kf8 20.Rfe1 a6 21.Bg4 Rg6 22.Bh3 Rh6
23.Bg2 Rf6 24.Rd2 b5 25.a3 Rc7 26.Re5 Nd7 27.Re3 Nb6 28.b3 Nd7 29.Ne2 Ke7
30.g4 Kd6 31.g5 Rf7 32.h4 g6 33.Kh2 Nc5 34.Kg3 Rfe7 35.Nc3 Kd7 36.b4 Na4
37.Nxa4 bxa4 38.Bf1 Kc6 39.c4 dxc4 40.Bxc4 Kb6 41.Rd6+ Ka7 42.Rdxe6 Red7
43.Be2 Rc1 44.Kf2 Ra1 45.h5 gxh5 46.f5 h4 47.f6 Rd4 48.Re7 Ra2 49.Rxb7+ Kxb7
50.f7  1-0

[Event "World Youth U16 Ol"]
[Site "Kocaeli TUR"]
[Date "2011.10.24"]
[Round "1.6"]
[White "Whitfield,C"]
[Black "Bajarani,U"]
[Result "1-0"]
[WhiteElo "2010"]
[BlackElo "2434"]

1.e4 e6 2.d4 d5 3.Nc3 Nf6 4.e5 Nfd7 5.Nf3 c5 6.dxc5 Nc6 7.Bf4 Bxc5 8.Bd3 f6
9.Qe2 O-O 10.exf6 Nxf6 11.O-O Bd7 12.Bg3 a6 13.Rae1 Qe7 14.a3 Rae8 15.b4 Nd4
16.Nxd4 Bxd4 17.Be5 Bxe5 18.Qxe5 Qf7 19.b5 a5 20.Na4 Qe7 21.Re3 g6 22.h3 Bc8
23.Rfe1 Rf7 24.Nb6 Qc5 25.Nxc8 Qxc8 26.Qd6 Rfe7 27.a4 Kf7 28.b6 Qb8 29.Qc5 e5
30.Qxa5 d4 31.Bc4+ Kg7 32.R3e2 Qd6 33.Qb5 e4 34.Rd1 Rd8 35.a5 Re5 36.Qa4 Rc5
37.Red2 Qe5 38.a6 e3 39.fxe3 Qxe3+ 40.Kh1 Ne4 41.axb7 Kh6 42.Qa8 Ng3+ 43.Kh2 Qe5
44.Qxd8 Nf1+ 45.Kg1 Kg7  1-0

[Event "26th Le Touquet Open"]
[Site "Le Touquet FRA"]
[Date "2011.10.24"]
[Round "3.11"]
[White "Roger,M"]
[Black "O'Sullivan,Thomas"]
[Result "0-1"]
[WhiteElo "2153"]
[BlackElo "1810"]

1.e4 e6 2.d4 d5 3.Nc3 Nf6 4.e5 Nfd7 5.f4 c5 6.Nf3 Nc6 7.Be3 f6 8.exf6 Qxf6
9.Qd2 a6 10.Be2 cxd4 11.Nxd4 Bc5 12.O-O-O O-O 13.g3 Qe7 14.Rhe1 Nf6 15.Kb1 Bd7
16.Nb3 Bb4 17.a3 Ne4 18.Qd3 Bxc3 19.bxc3 Qxa3 20.Bf3 Ne5 21.Bxe4 Nxd3 22.Bxd3 Rac8
23.Bc1 Qd6 24.Bb2 b5 25.Re5 Qb6 26.Rde1 a5 27.Rg5 Rf7 28.Nd2 a4 29.Nf3 b4
30.cxb4 Qxb4 31.Ka2 Rb8 32.Ba3 Qc3 33.Re3 Qc7 34.Ne5 Bb5 35.Nxf7 Bxd3 36.Nh6+ Kh8
37.Nf7+ Qxf7 38.Rxd3 Qc7 39.Rd2 Qc4+ 40.Ka1 Qc3+  0-1

[Event "World Youth U16 Ol"]
[Site "Kocaeli TUR"]
[Date "2011.10.26"]
[Round "5.18"]
[White "Whitfield,C"]
[Black "Akhmetov,Ay"]
[Result "1/2-1/2"]
[WhiteElo "2010"]
[BlackElo "2158"]

1.e4 e6 2.d4 d5 3.Nc3 Nf6 4.e5 Nfd7 5.Nf3 c5 6.dxc5 Nc6 7.Bf4 Bxc5 8.Bd3 a6
9.O-O Qc7 10.Re1 Qb6 11.Qe2 Qxb2 12.Nxd5 exd5 13.e6 Nf6 14.exf7+ Kxf7 15.Rab1 Qc3
16.Rxb7+ Bxb7 17.Qe6+ Kf8 18.Bd6+ Bxd6 19.Qxd6+ Kg8 20.Qe6+ Kf8 21.Qd6+ Kg8  1/2-1/2

[Event "Chinese League"]
[Site "Qingdao CHN"]
[Date "2011.10.27"]
[Round "14"]
[White "Ning Chunhong"]
[Black "Xu Yuhua"]
[Result "1-0"]
[WhiteElo "2313"]
[BlackElo "2484"]

1.e4 e6 2.d4 d5 3.Nc3 Nf6 4.e5 Nfd7 5.f4 c5 6.Nf3 Nc6 7.Be3 Be7 8.Qd2 O-O
9.Be2 a6 10.O-O b5 11.dxc5 Bxc5 12.Nd4 Qb6 13.Rad1 Ndb8 14.a3 Bb7 15.Bf2 Nxd4
16.Bxd4 Bxd4+ 17.Qxd4 Qxd4+ 18.Rxd4 Nc6 19.Rd2 Na5 20.b4 Rfc8 21.Nxd5 Bxd5
22.bxa5 Rc3 23.Ra1 Rac8 24.Bd3 Bc4 25.Be4 g5 26.fxg5 Rc5 27.Bb7 Bd5 28.Bxa6 Rxc2
29.Rad1 R2c4 30.Rb1 Bc6 31.Rdb2 Be4 32.Bxb5 Bxb1 33.Bxc4 Rxc4 34.Rxb1 Ra4
35.Rb8+ Kg7 36.Ra8 Kg6 37.Rg8+ Kf5 38.Rg7 Rxa3 39.Rxf7+ Kxg5 40.Rf6 Ra1+
41.Kf2 Ra2+ 42.Kf3 Ra3+ 43.Ke4 Ra4+ 44.Kd3 Ra3+ 45.Kd4 Ra4+ 46.Kc5 Rxa5+
47.Kd6 Ra2 48.Rf8 Ra6+ 49.Ke7 Rb6 50.Rf7 h5 51.Rf6 Rb2 52.Kf7 Rb7+ 53.Kxe6 Rb6+
54.Kf7 Rb7+ 55.Kf8 Rb5 56.h4+ Kxh4 57.e6  1-0

[Event "26th Le Touquet Open"]
[Site "Le Touquet FRA"]
[Date "2011.10.28"]
[Round "9.5"]
[White "Marechal,A"]
[Black "Song,Ju"]
[Result "1/2-1/2"]
[WhiteElo "2336"]
[BlackElo "2314"]

1.e4 e6 2.d4 d5 3.Nc3 Nf6 4.e5 Nfd7 5.Nf3 c5 6.Bg5 Qa5 7.Bb5 a6 8.Bxd7+ Bxd7
9.O-O Nc6 10.a3 h6 11.Be3 cxd4 12.Nxd4 Nxd4 13.Bxd4 Rc8 14.Qd2 Rc4 15.Rad1 Qc7
16.Kh1 b5 17.f4 g6 18.Nxd5 exd5 19.e6 Bxe6 20.Bxh8 Rxc2 21.Qe3 Bc5 22.Bd4 Bxd4
23.Qxd4 h5 24.Rd2 Rc4 25.Qf6 Qd8 26.Qe5 Re4 27.Qxe4 dxe4 28.Rxd8+ Kxd8 29.Kg1 Bc4
30.Rd1+ Bd3 31.Kf2 Kd7 32.Ke3 Kd6 33.Kd4 a5 34.Rc1 a4 35.Rc8 Ke6 36.Rc5 Kf6
37.g3 Ke6 38.Re5+ Kf6 39.Ke3 Kg7 40.Rd5 Kf6 41.Rc5 Ke6 42.h3 f5 43.Kd4 Kf6
44.Rc6+ Kf7 45.Rd6 Bc2 46.Rc6 Bd3 47.Rb6 Kg7 48.Re6 Kf7 49.Re5 Kf6 50.Ke3 Kf7
51.g4 hxg4 52.hxg4 fxg4 53.Rg5 Kf6 54.Rxg4 Kf5 55.Rg5+ Kf6 56.Re5 Kf7 57.Kf2 Kf6
58.Kg3 Kf7 59.Kg4 Kf6 60.Kh4 Kg7 61.Kg5 Kf7 62.f5 gxf5 63.Rxf5+ Ke6 64.Kf4 Kd6
65.Ke3 Ke6 66.Rh5 Kd6 67.Kd4 Ke6 68.Rd5 Kf6 69.Re5 Kf7 70.Kd5 Kf6 71.Kd6 Kf7
72.Re6 Be2 73.Rh6 Bd3 74.Re6 Bc2 75.Re5 Bd3 76.Kd5 Kf6 77.Kd4 Kf7 78.Rf5+ Ke6
79.Rh5 Kd6 80.Rh6+ Kc7 81.Rg6 Kd7 82.Rg3 Ke6 83.Re3 Kf5 84.Re1 Ke6 85.Rc1 Kd6
86.Rc5 Ke6 87.Rd5 Kf6 88.Re5  1/2-1/2

[Event "TCh-NED Meesterklasse 2011-12"]
[Site "Netherlands NED"]
[Date "2011.10.29"]
[Round "2.5"]
[White "Pijpers,A"]
[Black "Trella,T"]
[Result "0-1"]
[WhiteElo "2313"]
[BlackElo "2415"]

1.e4 e6 2.d4 d5 3.Nc3 Nf6 4.e5 Nfd7 5.f4 c5 6.Nf3 Nc6 7.Be3 Be7 8.Qd2 O-O
9.dxc5 Bxc5 10.O-O-O Qa5 11.Bxc5 Nxc5 12.h4 Rb8 13.Nd4 Bd7 14.Rh3 Kh8 15.h5 f6
16.h6 g6 17.exf6 e5 18.Nxc6 bxc6 19.fxe5 Bxh3 20.gxh3 Qb4 21.b3 a5 22.Kb2 Nd7
23.Nxd5 Qxd2 24.Rxd2 Nxe5 25.Re2 Nc4+ 26.Kc3 cxd5 27.bxc4 Rxf6 28.Bg2 dxc4
29.Re5 Rf5 30.Rxf5 gxf5 31.Bd5 Rb6 32.Kxc4 Rxh6 33.Kd4 Rxh3 34.c4 Kg7 35.Ke5 Kf8
36.Kxf5 Ke7 37.Ke5 h5 38.c5 Rc3 39.c6 h4  0-1

[Event "TCh-NED Meesterklasse 2011-12"]
[Site "Netherlands NED"]
[Date "2011.10.29"]
[Round "2.8"]
[White "Ootes,Le"]
[Black "Kuijf,R"]
[Result "1/2-1/2"]
[WhiteElo "2197"]
[BlackElo "2423"]

1.e4 e6 2.d4 d5 3.Nc3 Nf6 4.e5 Nfd7 5.f4 c5 6.Nf3 Nc6 7.Be3 a6 8.Qd2 b5 9.a3 Bb7
10.g3 Rc8 11.Bg2 Be7 12.O-O O-O 13.Ne2 Qc7 14.Rae1 Rfd8 15.g4 cxd4 16.Nexd4 Nxd4
17.Nxd4 Nc5 18.Qf2 Ne4 19.Bxe4 dxe4 20.f5 Qxe5 21.fxe6 f6 22.c3 Qd5 23.Qh4 g6
24.Re2 a5 25.Rg2 b4 26.Rg3 bxc3 27.Rh3 h5 28.Rxf6 Bxf6 29.Qxf6 Rc7 30.bxc3 Rf8
31.Qh4 Qc4 32.Nf5 Qxe6 33.Qg5 Rh7 34.Bd4 Ba6 35.Re3 Bd3 36.Kg2 hxg4 37.Nh6+ Rxh6
38.Qxh6 Qa2+ 39.Kg3 Qf2+ 40.Kxg4 Qg2+ 41.Rg3 Qe2+ 42.Kg5 Qh5+ 43.Qxh5 gxh5
44.Kxh5+ Kf7 45.Rg5 Ra8 46.Kg4 a4 47.Kf4 Ke6 48.Rg6+ Kd5 49.h4 Rf8+ 50.Rf6 Rxf6+
51.Bxf6 Be2 52.Kg5 Kc4 53.Kf4  1/2-1/2